The industrialization of intelligence : Mind and machine in the modern age

Saved in:
Bibliographic Details
Main Author: Kennedy, Noah
Format: Book
Language:Undetermined
Published: London Unwin 1989
Subjects:
Tags: Add Tag
No Tags, Be the first to tag this record!
Institutions: Trung tâm Học liệu Trường Đại học Cần Thơ
LEADER 00557nam a2200193Ia 4500
001 CTU_86933
008 210402s9999 xx 000 0 und d
082 |a 006.3 
082 |b K35 
100 |a Kennedy, Noah 
245 4 |a The industrialization of intelligence : 
245 0 |b Mind and machine in the modern age 
245 0 |c Noah kennedy 
260 |a London 
260 |b Unwin 
260 |c 1989 
650 |a Computers and civilization,Artificial intelligence,Automation 
904 |i Truc 
980 |a Trung tâm Học liệu Trường Đại học Cần Thơ